00600nam a2200193Ia 450000500170000000800410001702000180005808200170007610000230009324500630011625000120017926000610019130000190025244000110027165000370028265000470031970000180036670000220038420260122095416.0260121s9999||||xx |||||||||||||| ||und|| a9789391928209 a954.025bALL aAllami, Abu L-Fazl 0aAin-I Akbari :bthe complete English translation, Vol. 2 / a1st ed. aNew Delhi :bManohar Publishers and Distributors,c2024. axix, 420p.; hb vVol. 2 aIndia—Administration—History aIndia—History—Mughal Empire1526–1765 aJarrett, H.S. aSarkar, Jadu Nath